000
00257nam a22001217a 4500
008
181018b xxu||||| |||| 00| 0 eng d
041
_a
eng
080
_a
370
100
_a
48
101
_a
EDU
245
_a
Readings Keys
_c
Flemmiing.L
942
_2
udc
_c
BK
999
_c
50102
_d
50102